लोड हो रहा है...

Self management and workers participation

ग्रंथसूची विवरण
मुख्य लेखक: Sethi, Krishnan C...[et al.]
स्वरूप: Printed Book
भाषा:English
प्रकाशित: 1981
LEADER 00449nam a22001337a 4500
005 20151215125328.0
008 091126t xxu||||| |||| 00| 0 eng d
082 |a X:97  |b M1 
100 |a Sethi, Krishnan C...[et al.].  |9 11029 
245 |a Self management and workers participation 
260 |c 1981 
942 |c BK  |6 _ 
999 |c 101839  |d 101839 
952 |0 0  |1 0  |2 ddc  |4 0  |6 X97_M1  |7 0  |9 128491  |a SMS  |b SMS  |c GEN  |d 2009-11-26  |g 130.00  |o X:97 M1  |p SMS016016  |r 2009-11-26  |w 2009-11-26  |y BK